Normal view
MARC view
- Peer to peer architecture (Computer networks)
Entry Topical Term
001 - CONTROL NUMBER
- control field: 36686
003 - CONTROL NUMBER IDENTIFIER
- control field: NUST
005 - DATE AND TIME OF LATEST TRANSACTION
- control field: 20210314130057.0
008 - FIXED-LENGTH DATA ELEMENTS
- fixed length control field: 210314|| aca||aabn | a|a d
040 ## - CATALOGING SOURCE
- Original cataloging agency: NUST
- Transcribing agency: NUST
150 ## - HEADING--TOPICAL TERM
- Topical term or geographic name entry element: Peer to peer architecture (Computer networks)
670 ## - SOURCE DATA FOUND
- Source citation: Work cat.: (NUST): Shimmin, Brad. 36684, LAN times guide to networking Windows 95 /, c1995.
